[Event "Toronto NAYCC U10 Girls"]
[Site "Toronto"]
[Date "2013.08.17"]
[Round "6"]
[White "Zhao, Chenyi"]
[Black "Garai, Antara"]
[Result "0-1"]
[WhiteElo "1539"]
[BlackElo "1523"]
[PlyCount "220"]
[EventDate "2013.08.14"]
[EventType "swiss"]
[EventRounds "9"]
[EventCountry "CAN"]
[SourceTitle "EXT 2022"]
[Source "ChessBase"]
[SourceDate "2021.10.06"]
[SourceVersion "1"]
[SourceVersionDate "2021.10.06"]
[SourceQuality "1"]

1. e4 c5 2. Nf3 d6 3. d4 cxd4 4. Nxd4 Nf6 5. Nc3 a6 6. Be2 e5 7. Nb3 Be6 8. 0-0 Be7 9. Bf3 0-0 10. Re1 Nbd7 11. a4 Nb6 12. Nd2 Rc8 13. Nf1 Nc4 14. b3 Nb6 15. Nd5 Nfxd5 16. exd5 Bd7 17. c4 f5 18. Ng3 e4 19. Be2 Bf6 20. Ra2 Bc3 21. Bd2 Be5 22. a5 Na8 23. Qc1 Be8 24. Bf4 Bf6 25. Nxf5 Be7 26. Nxe7+ Qxe7 27. Bg3 Bg6 28. Bg4 Rce8 29. f3 Nc7 30. Rae2 Qf6 31. fxe4 Qd4+ 32. Bf2 Qe5 33. Bf3 Rf7 34. Bg3 Qd4+ 35. Qe3 Qf6 36. Qf2 Rfe7 37. Bh4 Qc3 38. Bxe7 Rxe7 39. Qb6 Ne8 40. Re3 Qe5 41. Qb4 Kf7 42. Qc3 Qxc3 43. Rxc3 Kf6 44. c5 dxc5 45. Rxc5 Nd6 46. Rc3 Ke5 47. Rd3 h6 48. g3 Bh7 49. Kf2 Bg6 50. Ke3 Bh7 51. Kd2 Nb5 52. Kc2 Rc7+ 53. Kb2 Re7 54. b4 Nd6 55. h3 Nb5 56. Bg4 Nd6 57. Be6 Bg6 58. h4 Bf7 59. Bxf7 Rxf7 60. Kb3 g5 61. h5 g4 62. Kc3 Nb5+ 63. Kd2 Nd6 64. Kc3 Rc7+ 65. Kb3 Rf7 66. Ree3 Nb5 67. Kc4 Rc7+ 68. Kb3 Nd6 69. Ka4 Rf7 70. Rc3 Rd7 71. Kb3 Nb5 72. Rc5 Nd6 73. Kc3 Nb5+ 74. Kd3 Nd6 75. Re1 Rf7 76. Re3 Rd7 77. Rc1 Rf7 78. Rd1 Rc7 79. Rf1 Rc8 80. Rf4 Rg8 81. Re2 Rg5 82. Rh2 Ne8 83. Rhf2 Nd6 84. Rh2 Ne8 85. Rh4 Nf6 86. Ke3 Nxh5 87. Rf5+ Rxf5 88. exf5 Nxg3 89. Rxg4 Nxf5+ 90. Kd3 Kxd5 91. Kc3 Kc6 92. Rg6+ Kd5 93. Rb6 Nd6 94. Kd3 h5 95. Ke3 Nc4+ 96. Kf4 Nxb6 97. Kg5 Nc4 98. Kxh5 Nxa5 99. bxa5 Kc5 100. Kg5 Kb5 101. Kf4 Kxa5 102. Ke3 Kb4 103. Kd2 Kb3 104. Kc1 b5 105. Kb1 b4 106. Ka1 Kc2 107. Ka2 b3+ 108. Ka3 b2 109. Ka4 b1Q 110. Ka5 Qb5# 0-1